載入...
மௌன வந்சந்தம்
| Main Authors: | , |
|---|---|
| 格式: | Printed Book |
| 出版: |
Pollachi
Ethir
2013
|
| 主題: |
| LEADER | 00489nam a22001457a 4500 | ||
|---|---|---|---|
| 082 | |a 894.811301 |b VIN/M | ||
| 100 | |a Vincent S | ||
| 100 | |a வின்சென்ட் ச | ||
| 240 | |a Mauna Vasantham | ||
| 245 | |a மௌன வந்சந்தம் | ||
| 260 | |a Pollachi |b Ethir |c 2013 | ||
| 650 | |a Tamil Short Story | ||
| 942 | |c BK | ||
| 999 | |c 315286 |d 315286 | ||
| 952 | |0 0 |1 0 |4 0 |6 894_811301000000000_VIN_M |7 0 |9 337217 |a TAM |b TAM |d 2020-11-30 |l 0 |o 894.811301 VIN/M |p TAM26592 |r 2020-11-30 |w 2020-11-30 |y BK | ||